Príprava a aplikácia enzýmových a mikrobiálnych biopalivových článkov (biobatérií) s využitím nanotechnológií dizertačná práca

Salvato in:
Dettagli Bibliografici
Autore principale: Filip, Jaroslav
Natura: Libro
Lingua:slovacco
Pubblicazione: Bratislava STU FCHPT 2013
Accesso online:Visualizza in OPAC
Tags: Aggiungi Tag
Nessun Tag, puoi essere il primo ad aggiungerne!!

MARC

LEADER 00000nam a2200000 a 4500
005 20260127134108.0
008 150217 2013 000 0 slo d
035 |a vtls010655107 
039 9 |y 201502171057  |z mschk03 
040 |a STUSCHK1  |b slo  |c STUSCHK1  |e AACR2 
100 1 |a Filip, Jaroslav 
245 1 |a Príprava a aplikácia enzýmových a mikrobiálnych biopalivových článkov (biobatérií) s využitím nanotechnológií  |b dizertačná práca  |c Jaroslav Filip 
260 |a Bratislava  |b STU FCHPT  |c 2013 
300 |a 72 s.  |b il.  |c 30 cm 
500 |a Študijný program: biotechnológia 
500 |a Študijný odbor: biotechnológie 
500 |a Školiace pracovisko: Odd. biochemickej technológie 
910 |a SCHK95 
999 |c 3973  |d 3973